| 000 | | | 05754cfm2a2200000#x 450 |
| 001 | | | 7fd98a19-eacc-41d3-8c4d-b11c3805549a |
| 005 | | | 20241022153414.0 |
| 100 | ## | $a | 20131004l18651865k y0rusy0189 ca |
| 101 | 0# | $a | rus |
| 102 | ## | $a | RU |
| 251 | ## | $c | Дело |
| 225 | 0# | $a | Фонд Техническо-строительный комитет МВД |
| | $h | Опись № 165 |
| 300 | ## | $a | Бумага. Тушь, карандаш, акварель |
| 300 | ## | $a | Рукописный текст. Чернила |
| 324 | ## | $a | Графика |
| 801 | #0 | $a | RU |
| | $b | РГИА |
| | $c | 20131004 |
| 801 | #1 | $a | RU |
| | $b | ГлавНИВЦ |
| | $c | 20131004 |
| | $2 | rusmarc |
| 801 | #2 | $a | RU |
| | $b | ПБ им. Б.Н. Ельцина |
| | $c | 20131004 |
| | $g | RCR |
| | $2 | rusmarc |
| 850 | ## | $a | Федеральное казенное учреждение "Российский государственный исторический архив" |
| 852 | ## | $a | РГИА |
| | $j | 505 |
| 937 | ## | $a | ASBIBLIO_SCAN |
| | $b | РГИА_1293:_165:_505: |
| | $d | 5486823 |
| | $h | РГИА |
| 200 | 1# | $a | Проект церкви с кельями в женской общине в гор. Старобельске, Харьковской губернии |
| | $e | копия |
| | $j | 1865 |
| 215 | ## | $a | 2 листа |
| | $c | план. |
| 035 | ## | $a | 7fd98a19-eacc-41d3-8c4d-b11c3805549a |
| 606 | 1# | $2 | nlr_sh |
| | $3 | RU\NLR\AUTH\661503383 |
| | $a | Церкви и соборы |
| | $j | Планы |
| | $y | Харьковская губерния |
| 605 | ## | $2 | acquisition_Prlib |
| | $3 | LIBNET\UAF\0000107722 |
| | $a | Луганская Народная Республика: страницы истории |
| | $j | коллекция |
| 605 | ## | $2 | acquisition_Prlib |
| | $3 | DITM\AF\0000004675 |
| | $a | Территория |
| | $l | коллекция |
| 607 | ## | $2 | prlib_sh |
| | $3 | LIBNET\UAF\0000114107 |
| | $a | Старобельск, город (Луганская Народная Республика) |
| | $j | Планы |
| | $x | История |
| 617 | ## | $2 | prlib_sh |
| | $c | Харьковская губерния |
| 617 | ## | $2 | prlib_sh |
| | $b | Луганская Народная Республика |
| 686 | ## | $2 | rubbk |
| | $a | 63.3(28-8Хар)52-37я64 |
| | $v | LBC/M |
| 686 | ## | $2 | rubbk |
| | $a | 86.372я64 |
| | $v | LBC/M |
| 120 | ## | $a | baa |
| 121 | ## | $a | a aaaa z |
| 122 | 0# | $a | d1865###### |
| 123 | 1# | $a | a |
| 124 | ## | $a | a |
| | $b | j |
| 206 | ## | $b | В одном английском дюйме 5 саженей |
| 461 | #0 | $1 | 001597a3917-b61a-443f-a337-cac2b95e7413 |
| | $1 | 2001 |
| | $a | Техническо-строительный комитет МВД |
| | $1 | 251 |
| | $c | Фонд |
| | $1 | 852 |
| | $j | 1293 |
| 462 | #0 | $1 | 0012775f205-cece-486b-b956-69861bd91dfd |
| | $1 | 2001 |
| | $a | 1842-1864 гг. |
| | $v | Д. 505 |
| | $1 | 251 |
| | $c | Опись |
| | $1 | 852 |
| | $j | 165 |